Listado de lepidoptero faunístico de la sierra de Atoyac de Alvarez en el estado de Guerrero: notas acerca de su distribución local y estacional (<Rhopalocera: Papilionoidea>) (Registro nro. 9258)

Detalles MARC
000 -CABECERA
Campo de control 008820000a22002530004500
090 ## - CLASIFICACIÓN LOCAL
Colección AR
Consecutivo 00157
041 0# - IDIOMA
Código de idioma para texto/pista de sonido o título separado
100 1# - ASIENTO PRINCIPAL--NOMBRE PERSONAL
Nombre personal Vargas Fernández, Isabel
245 10 - MENCION DE TITULO
Título Listado de lepidoptero faunístico de la sierra de Atoyac de Alvarez en el estado de Guerrero: notas acerca de su distribución local y estacional (<Rhopalocera: Papilionoidea>)
650 14 - ASIENTO SECUNDARIO DE MATERIA - TERMINO TEMATICO
Término temático o nombre geográfico como elemento de entrada Insectos
650 14 - ASIENTO SECUNDARIO DE MATERIA - TERMINO TEMATICO
Término temático o nombre geográfico como elemento de entrada Mariposas
650 14 - ASIENTO SECUNDARIO DE MATERIA - TERMINO TEMATICO
Término temático o nombre geográfico como elemento de entrada Taxonomía animal
650 14 - ASIENTO SECUNDARIO DE MATERIA - TERMINO TEMATICO
Término temático o nombre geográfico como elemento de entrada Sistemática animal
650 14 - ASIENTO SECUNDARIO DE MATERIA - TERMINO TEMATICO
Término temático o nombre geográfico como elemento de entrada Biogeografía
651 #4 - ASIENTO SECUNDARIO DE MATERIA - NOMBRE GEOGRAFICO
-- Sierra de Atoyac
-- Guerrero
-- México
653 ## - TERMINO DE INDIZACION - NO CONTROLADO
-- Papilionoidea
653 ## - TERMINO DE INDIZACION - NO CONTROLADO
-- Pieridae
653 ## - TERMINO DE INDIZACION - NO CONTROLADO
-- Nymphalidae
653 ## - TERMINO DE INDIZACION - NO CONTROLADO
-- Lycaenidae
700 1# - ASIENTO SECUNDARIO - NOMBRE PERSONAL
Nombre personal Llorente Bousquets, Jorge E.
700 1# - ASIENTO SECUNDARIO - NOMBRE PERSONAL
Nombre personal Luis Martínez, Armando
773 1# - Item fuente:
Título Folia Entomológica
Especificación de materiales 73
Descripción física 8
Paginas del Articulo 41-178
Lugar, editorial y fecha de publicación 1992
942 ## - ELEMENTOS ADICIONALES (KOHA)
Tipo de ítem Artículo
Existencias
Withdrawn status Lost status Damaged status No para préstamo Colección Ubicación Permanente Ubicación actual Fecha de adquisición Fuente de Valor Datos de publicación Seriada Total Checkouts Número topográfico Inventario / Código de Barras Date last seen Ejemplar Price effective from Forma de adquisición Tipo de material
      No para Préstamo Hemeroteca Bogotá Bogotá 27/02/2015 Baptiste, Luis Guillermo Fuera de circulación   AR 00157 010393 25/03/2015 1 25/03/2015   Artículo